00707 a2200157 45000010006000000050017000060080041000230030015000640400040000790800093001192450172002122640036003843000017004200410008004371000104004456283120260407155922.0260407a1981 arg spa dAR-UNSa-BCEJYS aAR-UNSa-BCEJYSbspacAR-UNSa-BCEJYS a339.92xCooperación económica internacional. Integración económica internacional10aComparación internacional de los precios de los combustibles derivados del petróleo. Diciembre 1976 - Junio 1980pGasolinas y Gas Oil p/automotores. Agosto de 1980 1aBuenos Aires :bBID-INTALc1981 a4 v.c28 cm. aspa1 aBanco Interamericano de Desarrollo. Instituto para la Integración de América Latina (BID-INTAL)